LEADER 01024nab a2200205 i 4500 001 000000266911 003 CaOOAMICUS 005 20070712000000.0 008 070712n xx uu u0 0und r 013 $a11269 040 $aSeMil$bita 245 10$aBenoît 16. au Brésil :$bAmérique Latine : tous les textes de la visite du Pape à São Paulo et à Aparecida pour l'ouverture de la 5. Conférence du CELAM (9-13 mai). - Titolo dalla copertina [Dossier]. 500 $a3 juin 2007 (N° 2381). 700 0 $aBenedictus XVI,$c.$0(OLS)http://semarc/name/298 773 0 $t[2007.$dParis : Bayard, 2007.$w()157900 900 1 $aRatzinger, Joseph,$d<1927-2022>. 900 0 $aBenedetto XVI$c. 996 $6245$aBenoît 16. au Brésil :$bAmérique Latine : tous les textes de la visite du Pape à São Paulo et à Aparecida pour l'ouverture de la 5. Conférence du CELAM (9-13 mai). - Titolo dalla copertina [Dossier].$9(OLS)http://semarc/title/358115 LEADER 00802nam a2200229 i 4500 001 000000125958 003 CaOOAMICUS 005 20050706000000.0 008 050706s1976 vc u000 u mul u 013 $a98659 040 $aSeMil$bita 100 0 $aPaulus VI,$c.$0(OLS)http://semarc/name/803 245 10$a1975. 300 $aXXXII, 1688 p. 773 0 $tInsegnamenti di Paolo 6.$d[Città del Vaticano] : Tipografia Poliglotta Vaticana, stampa 1965-1979.$g13$w()13840 850 $aSeMil 852 $aSeMil$W1$xVenegono$y1$m2A III 188$j80354$B80354$CSeMilBibl$Z2$F82511 $81 900 1 $aMontini, Giovanni Battista,$d<1897-1978>. 900 0 $aPaolo VI$c. 996 $6245$a1975$9(OLS)http://semarc/title/185552